Satellite survey of natural rubber plantations in Kerala, Tamil Nadu and Karnataka: Report of the Consultancy Project for Automotive Tyre Manufacturers Association and All India Rubber Industries Association, Rubber Research Institute of India, Kottayam, India (Record no. 44877)

MARC details
000 -LEADER
fixed length control field 00595nam a2200133Ia 4500
082 ## - DEWEY DECIMAL CLASSIFICATION NUMBER
Classification number NR:63:551.501.86
Item number RRI
245 #0 - TITLE STATEMENT
Title Satellite survey of natural rubber plantations in Kerala, Tamil Nadu and Karnataka: Report of the Consultancy Project for Automotive Tyre Manufacturers Association and All India Rubber Industries Association, Rubber Research Institute of India, Kottayam, India
260 ## - PUBLICATION, DISTRIBUTION, ETC. (IMPRINT)
Place of publication Kottayam
Name of publisher Rubber Research Institute of India
Year of publication 2014
650 ## - SUBJECT ADDED ENTRY--TOPICAL TERM
Topical Term Acreage estimation
650 ## - SUBJECT ADDED ENTRY--TOPICAL TERM
Topical Term GIS
650 ## - SUBJECT ADDED ENTRY--TOPICAL TERM
Topical Term Remote sensing
942 ## - ADDED ENTRY ELEMENTS (KOHA)
Koha item type Books
Holdings
Withdrawn status Lost status Damaged status Not for loan Home library Current library Date acquired Source of acquisition Full call number Accession Number Koha item type
        RRII Library RRII Library 16/12/2021 Gift NR:63:551.501.86 RRI G01620 Books